[Event "Torino Province-ch"]
[Site "Torino"]
[Date "2010.02.23"]
[Round "3"]
[White "Gussone, Claudio"]
[Black "Cavezzana, Davide"]
[Result "0-1"]
[WhiteElo "1805"]
[BlackElo "1768"]
[PlyCount "88"]
[EventDate "2010.02.09"]
[EventType "swiss"]
[EventRounds "7"]
[EventCountry "ITA"]
[SourceTitle "EXT 2024"]
[Source "ChessBase"]
[SourceDate "2023.10.10"]
[SourceVersion "1"]
[SourceVersionDate "2023.10.10"]
[SourceQuality "1"]

1. e4 e5 2. Nf3 Nf6 3. d3 d5 4. exd5 Qxd5 5. Qe2 Bb4+ 6. c3 Bd6 7. g3 0-0 8. Bg2 Re8 9. 0-0 e4 10. Ng5 Qxd3 11. Qxd3 exd3 12. h3 Nc6 13. Nd2 Bf5 14. Nc4 Bc5 15. Bf4 h6 16. Nf3 Re7 17. b4 Bb6 18. Nxb6 axb6 19. Rad1 Ra3 20. b5 Na5 21. Be5 Nd5 22. Rc1 Nc4 23. Bd4 Re2 24. Nd2 Nxd2 25. Bxd5 Be4 26. Bxe4 Nxe4 27. Rcd1 Nxc3 28. Rxd3 Nxb5 29. Rxa3 Nxa3 30. Rc1 c5 31. Be3 Rxa2 32. Rd1 Nc4 33. Rd8+ Kh7 34. Rd7 Nxe3 35. fxe3 Kg6 36. Rxb7 Rb2 37. Rc7 Kf6 38. g4 Rd2 39. Rb7 Rd6 40. Kf2 c4 41. Rc7 b5 42. Rc5 Rb6 43. e4 b4 44. Rxc4 b3 0-1

[Event "Turin Piemonte op 9th"]
[Site "Turin"]
[Date "2009.09.20"]
[Round "4"]
[White "Gussone, Claudio"]
[Black "Grattarola, Fabio"]
[Result "0-1"]
[WhiteElo "1809"]
[BlackElo "2081"]
[PlyCount "114"]
[EventDate "2009.09.18"]
[EventType "swiss"]
[EventRounds "5"]
[EventCountry "ITA"]
[SourceTitle "EXT 2012"]
[Source "ChessBase"]
[SourceDate "2011.11.24"]
[SourceVersion "1"]
[SourceVersionDate "2011.11.24"]
[SourceQuality "1"]

1. Nf3 d5 2. g3 Nf6 3. Bg2 c5 4. d4 e6 5. 0-0 Nc6 6. c4 cxd4 7. cxd5 Nxd5 8. Nxd4 Bd7 9. e4 Nc7 10. Be3 Be7 11. Nc3 0-0 12. f4 a6 13. Qd2 Nxd4 14. Bxd4 Bc6 15. Rfd1 Qb8 16. Qf2 b5 17. e5 Bxg2 18. Qxg2 b4 19. Ne4 Nd5 20. Nc5 Qb5 21. Qf2 Rfc8 22. Rdc1 Rd8 23. Rc2 Rac8 24. Rac1 h6 25. f5 Nc3 26. fxe6 fxe6 27. bxc3 Bxc5 28. Bxc5 Rxc5 29. cxb4 Rxe5 30. Rc5 Rxc5 31. Qxc5 Qe2 32. Qf2 Qxf2+ 33. Kxf2 Rd2+ 34. Kf3 Rxa2 35. h4 Kf7 36. Rc3 Kf6 37. Rb3 h5 38. Ke4 Ra4 39. Kf3 Kf5 40. b5 axb5 41. Rxb5+ e5 42. Rb3 Ra2 43. Re3 g6 44. Rb3 Ra4 45. Re3 e4+ 46. Kg2 Ra2+ 47. Kf1 Ke5 48. Rb3 Rd2 49. Rb8 Kf5 50. Rf8+ Kg4 51. Rf4+ Kxg3 52. Rxe4 Rf2+ 53. Kg1 Rf4 54. Re6 Rg4 55. Re3+ Kf4+ 56. Kf2 Rxh4 57. Re6 Rg4 0-1

[Event "Nichelino op"]
[Site "Nichelino"]
[Date "2008.10.02"]
[Round "1"]
[White "Gussone, Claudio"]
[Black "Fortino, Fabrizio"]
[Result "0-1"]
[WhiteElo "1829"]
[BlackElo "2051"]
[PlyCount "70"]
[EventDate "2008.10.02"]
[EventType "swiss"]
[EventRounds "6"]
[EventCountry "ITA"]
[SourceTitle "CBM 126 Extra"]
[Source "ChessBase"]
[SourceDate "2008.11.05"]
[SourceVersion "1"]
[SourceVersionDate "2008.11.05"]
[SourceQuality "1"]

1. d4 Nf6 2. c4 g6 3. Nf3 Bg7 4. g3 0-0 5. Bg2 d6 6. 0-0 c6 7. Nc3 Nbd7 8. e4 e5 9. dxe5 dxe5 10. Qe2 Qc7 11. Be3 Re8 12. h3 Nf8 13. Rfd1 Ne6 14. c5 b6 15. Nd5 cxd5 16. cxb6 axb6 17. exd5 Nxd5 18. Rxd5 Bb7 19. Rd2 Nd4 20. Qd1 Rad8 21. Nxd4 exd4 22. Bf4 Qd7 23. Rc1 Bxg2 24. Kxg2 Qd5+ 25. Kh2 Ra8 26. b3 b5 27. Rdc2 d3 28. Rc5 Qe4 29. Qd2 Qe2 30. Qxe2 dxe2 31. Be3 Rxa2 32. Rc8 Rf8 33. Kg2 f5 34. Kf3 e1N+ 35. Rxe1 Rxc8 0-1

[Event "Piemonte-ch"]
[Site "Turin"]
[Date "2008.04.27"]
[Round "9"]
[White "Martin, Tiziano"]
[Black "Gussone, Claudio"]
[Result "1/2-1/2"]
[WhiteElo "1977"]
[BlackElo "1853"]
[PlyCount "82"]
[EventDate "2008.04.20"]
[EventType "swiss"]
[EventRounds "9"]
[EventCountry "ITA"]
[SourceTitle "EXT 2011"]
[Source "ChessBase"]
[SourceDate "2010.11.26"]
[SourceVersion "1"]
[SourceVersionDate "2010.11.26"]
[SourceQuality "1"]

1. d4 d6 2. Nf3 Nf6 3. Bg5 Nbd7 4. Nbd2 g6 5. e4 Bg7 6. Be2 0-0 7. c3 c6 8. Qc2 e5 9. dxe5 dxe5 10. Nc4 Qe7 11. Rd1 h6 12. Bh4 g5 13. Bg3 Nh5 14. Ne3 Nxg3 15. hxg3 Nb6 16. g4 Be6 17. Nf5 Bxf5 18. gxf5 Rad8 19. g4 Rxd1+ 20. Qxd1 Rd8 21. Qc2 Qd6 22. 0-0 Qe7 23. Rd1 Rxd1+ 24. Qxd1 Qd7 25. Qb3 Nc8 26. Nh2 b5 27. Nf1 Bf8 28. Ng3 Qd2 29. Qd1 Qxb2 30. Qd7 Nd6 31. Qxc6 Qxa2 32. Bxb5 Nxb5 33. Qxb5 Qa1+ 34. Kg2 Qxc3 35. Qb8 Qd4 36. Qa8 Qb6 37. Nh5 a5 38. Qd5 Qd4 39. Nf6+ Kg7 40. Ne8+ Kg8 41. Nf6+ Kg7 1/2-1/2